000 00784nam a2200301Ia 4500
001 Para_6209
003 CHAP
008 220125s1978 xx 000 0 und d
010 _a204190
040 _cCHAP
082 _aPA 595.7 B5 1978
100 _aBland, Roger G.
_913108
245 _aHow to know the insects /
_c by R.G.B. y H.E. Jaques
250 _a3
260 _aDebuque, Iowa :
_b Brown
300 _a409 p.
440 _aThe pictured key nature series
_9112697
650 _aEntomología
_937113
650 _aInsectos
_958888
700 _aJaques, H.E.
_961095
901 _aPA 595.7 B5 1978
902 _aA
905 _a0000001978 a 0000000000 00
910 _a1978
942 _cPARA
942 _cPARA
_d1
999 _c204190
_d204190